00593nam a2200181Ia 450000500170000000800410001702000130005805000270007110000210009824500660011926000410018530000330022652100070025952600080026665000440027465000470031865000460036520140319130358.0140306s9999 xx 000 0 und d a43920643 aE 185.97.K5b.J33 2001 aJackson, Garnet  aMartin Luther King, Jr. : ba man of peace /cGarnet Jackson. aNew York :bScholastic Inc.,cc2001. a48 p. :bcol. ill. ;c24 cm. aG4 c600 aAfrican AmericansxJuvenile literature. aCivil rights workersxJuvenile literature. aKing, Martin LutherxJuvenile literature.